000 00921cam a22002893a 4500
001 1785
003 PGUSA
005 20140828083006.0
008 990601s1999||||xxu|||||s|||||000 | eng d
040 _aPGUSA
_beng
042 _adc
050 4 _aPR
100 1 _aShakespeare, William,
_d1564-1616
245 1 0 _aJulius Caesar
_h[electronic resource] /
_cWilliam Shakespeare
260 _bProject Gutenberg,
_c1999
506 _aCopyrighted. Read the copyright notice inside this book for details.
516 _aElectronic text
653 _aConspiracies -- Drama
653 _aAssassins -- Drama
653 _aBrutus, Marcus Junius, 85 B.C.?-42 B.C. -- Drama
653 _aCaesar, Julius -- Assassination -- Drama
653 _aTragedies
653 _aRome -- History -- Civil War, 43-31 B.C. -- Drama
830 0 _aProject Gutenberg
_v1785
856 4 0 _uhttp://www.gutenberg.org/ebooks/1785
942 _cEB
999 _c231129
_d231129